La campesina /

Gardado en:
Detalles Bibliográficos
Autor Principal: Moravia, Alberto (autor)
Formato: Libro
Idioma:Lingua castelá
Publicado: Barcelona, España : Plaza y Janés, 1983, c1972
Series:(Ave Fénix ; 20)
Temas:
Etiquetas: Engadir etiqueta
Sen Etiquetas, Sexa o primeiro en etiquetar este rexistro!

MARC

LEADER 00000nam^a2200000^a^4500
001 000620958
005 20250910000000.0
009 20260310133850.006
020 |a 84-01-42120-9 
037 |a Acervo ITESO - Biblioteca 
041 |a ESP 
082 |a 853.  |b MOR 
100 |a Moravia, Alberto  |e (autor) 
240 1 4 |a [La campesina] 
245 1 3 |a La campesina /  |c A. Moravia ; tr. por Domingo Pruna. 
264 4 |a Barcelona, España :  |b Plaza y Janés,  |c 1983, c1972 
300 |a 348 p. 
336 |a texto  |b txt  |2 rdacontenido 
337 |a sin mediación  |b n  |2 rdamedio 
338 |a volumen  |b nc  |2 rdasoporte 
440 3 |a (Ave Fénix ;  |v 20) 
500 |a Traducción de: La ciociara 
545 0 |a Alberto Moravia (Roma 1907-1990), nacido como Alberto Pincherle, es sin duda uno de los grandes renovadores y protagonistas de la literatura italiana del siglo XX. Escritor profundamente inmerso en la realidad socio-histórica que le tocó vivir, su literatura está atravesada por la dimensión existencialista y por preocupaciones vinculadas lo mismo al psicoanálisis que al marxismo. Su narrativa da cuenta de las decadentes formas de vida de la burguesía italiana y de la incomunicación y vacío existencial que aquejaban a sus miembros. Los indiferentes (1929), El aburrimiento (1960) y La vida interior (1978), dan muestra de esa narrativa. Otros de sus títulos son: La romana (1947), La desobediencia (1948), La mascarada (1958), El hombre como fin (1963), La atención (1965), Cartas desde el Sahara (1981) y El hombre que mira (1985), entre otros. Obtuvo a lo largo de su vida numerosos reconocimientos, entre los cuales destacan el Premio Strega y el Premio Mondello. Varias de sus obras han sido adaptadas al cine. 
649 |a XX 
650 |a Novela Italiana 
650 |a Literatura Italiana -  |y Siglo XX 
650 |a Existencialismo en la Literatura 
650 |a Existencialismo -  |z Italia 
910 |a Fondo Castillo-Martínez 
920 |a Impresos - Libros 
930 |a Fondos Especiales 
940 |a Literatura 
905 |a 127 
901 |a 620958-10  |b IT2  |c ESL  |i D126763  |u 20250910 
902 |a https://opac.biblio.iteso.mx/vufind/Record/000620958